Yield stability analysis of Hevea brasiliensis (Record no. 72573)

MARC details
000 -LEADER
fixed length control field 00529nam a2200205Ia 4500
100 ## - MAIN ENTRY--AUTHOR NAME
Personal name Maohuan Liang
245 #0 - TITLE STATEMENT
Title Yield stability analysis of Hevea brasiliensis
260 ## - PUBLICATION, DISTRIBUTION, ETC. (IMPRINT)
Name of publisher Chinese Journal of Tropical Crops
Year of publication 1993
300 ## - PHYSICAL DESCRIPTION
Number of Pages 29
650 ## - SUBJECT ADDED ENTRY--TOPICAL TERM
Topical Term Clones
650 ## - SUBJECT ADDED ENTRY--TOPICAL TERM
Topical Term Hevea brasiliensis
650 ## - SUBJECT ADDED ENTRY--TOPICAL TERM
Topical Term Yield stability analysis
700 ## - ADDED ENTRY--PERSONAL NAME
Personal name Deshuan Li
700 ## - ADDED ENTRY--PERSONAL NAME
Personal name Huasun Huang
700 ## - ADDED ENTRY--PERSONAL NAME
Personal name Jialin Fang
700 ## - ADDED ENTRY--PERSONAL NAME
Personal name Jiwei He
700 ## - ADDED ENTRY--PERSONAL NAME
Personal name Yunton Wu
942 ## - ADDED ENTRY ELEMENTS (KOHA)
Koha item type Journals
Holdings
Withdrawn status Lost status Damaged status Not for loan Home library Current library Shelving location Date acquired Serial Enumeration / chronology Koha item type
      Journals RRII Library RRII Library Physiology 17/12/2021 Volume 14, Issue 2 Journals